000 00276nam a22001337a 4500
008 180922b xxu||||| |||| 00| 0 eng d
020 _a0716712245
041 _aeng
080 _a541
100 _a12
101 _aKIM
245 _aChemistry
_cWidom, J.M
942 _2udc
_cBK
999 _c48277
_d48277